Descubrimiento y conquista : (Registro nro. 7448)

Detalles MARC
000 -LEADER
fixed length control field 00929nam a2200277 a 4500
001 - CONTROL NUMBER
control field 000045132
003 - CONTROL NUMBER IDENTIFIER
control field DO-SdBNP
005 - DATE AND TIME OF LATEST TRANSACTION
control field 20150219121224.0
007 - PHYSICAL DESCRIPTION FIXED FIELD--GENERAL INFORMATION
fixed length control field 000045132
008 - FIXED-LENGTH DATA ELEMENTS--GENERAL INFORMATION
fixed length control field 150204s1991 dr 000 0 spa d
040 ## - CATALOGING SOURCE
Original cataloging agency BPMET
Language of cataloging spa
Transcribing agency BPMET
100 1# - MAIN ENTRY--PERSONAL NAME
Personal name García Arévalo, Manuel
245 10 - TITLE STATEMENT
Title Descubrimiento y conquista :
Remainder of title Libros para colorear no. 2 /
Statement of responsibility, etc. Manuel García Arábelab, José Chez Checo.
250 ## - EDITION STATEMENT
Edition statement 2a. ed.
260 ## - PUBLICATION, DISTRIBUTION, ETC. (IMPRINT)
Place of publication, distribution, etc. Santo Domingo :
Name of publisher, distributor, etc. Fundación García Arpevalo,
Date of publication, distribution, etc. 1991.
300 ## - PHYSICAL DESCRIPTION
Extent 66 p. :
Other physical details il. ;
Dimensions 29 cm.
490 ## - SERIES STATEMENT
Series statement Libros para colorear
Volume/sequential designation 2
700 1# - ADDED ENTRY--PERSONAL NAME
Personal name Chez Checo, José
830 ## - SERIES ADDED ENTRY--UNIFORM TITLE
Name of part/section of a work Libros para colorear
Volume number/sequential designation 2
930 #1 - EQUIVALENCE OR CROSS-REFERENCE-UNIFORM TITLE HEADING [LOCAL, CANADA]
Language of a work BND01
Medium of performance for music LF1
Field link and sequence number 20150204
Date of a work 01
Name of part/section of a work CT
Miscellaneous information 46761
930 #1 - EQUIVALENCE OR CROSS-REFERENCE-UNIFORM TITLE HEADING [LOCAL, CANADA]
Language of a work BND01
Medium of performance for music LF1
Field link and sequence number 20150204
Date of a work 01
Name of part/section of a work CT
Miscellaneous information 46761
Medium e. 2
942 ## - ADDED ENTRY ELEMENTS (KOHA)
Source of classification or shelving scheme Dewey Decimal Classification
Koha item type Recursos continuos
956 ## - LOCAL ELECTRONIC LOCATION AND ACCESS (OCLC)
Host name DGARCIA
Access number 10
Compression information 20150204
Logon BND01
Processor of request 1110
956 ## - LOCAL ELECTRONIC LOCATION AND ACCESS (OCLC)
Host name DGARCIA
Access number 10
Compression information 20150204
Logon BND01
Processor of request 1110
956 ## - LOCAL ELECTRONIC LOCATION AND ACCESS (OCLC)
Host name VMATEO
Access number 10
Compression information 20150209
Logon BND01
Processor of request 1342
Existencias
Withdrawn status Lost status Source of classification or shelving scheme Damaged status Not for loan Collection code Home library Current library Date acquired Source of acquisition Total Checkouts Barcode Date last seen Price effective from Koha item type
    Dewey Decimal Classification     Colección Infantil Dominicana Biblioteca Pública Metropolitana Salomé Ureña Biblioteca Pública Metropolitana Salomé Ureña 02/19/2015 COMPRA   BPMSU15041386 02/19/2015 02/19/2015 Recursos continuos